Normal view
MARC view
- Borrelli , Nicholas . F
Entry Personal Name
001 - CONTROL NUMBER
- control field: 58872
003 - CONTROL NUMBER IDENTIFIER
- control field: NUST
005 - DATE AND TIME OF LATEST TRANSACTION
- control field: 20210628202227.0
008 - FIXED-LENGTH DATA ELEMENTS
- fixed length control field: 210628|| aca||aabn | a|a d
040 ## - CATALOGING SOURCE
- Original cataloging agency: NUST
- Transcribing agency: NUST
100 ## - HEADING--PERSONAL NAME
- Personal name: Borrelli , Nicholas . F
670 ## - SOURCE DATA FOUND
- Source citation: Work cat.: (NUST): Borrelli , Nicholas . F, Microoptics technology, 2005
